000 00508nam a2200193Ia 4500
003 GCL
008 140319s9999 xx 000 0 eng d
040 _aGCL /
_cGCL
082 0 4 _a551
_bP P
100 1 _aPLUMMER, CHARLES
245 1 0 _aPHYSICAL GEOLOGY /
_cPLUMMER, CHARLES
700 1 _aMCGEARY, DEVID
260 _a[S.N] :
_bSTUDENT STUDIES ART NOTE BOOK ،
_c1996
300 _a161 P
650 0 4 _aالادب السويسرى
650 0 4 _aGEOLOGY
650 0 4 _aPHYSICAL GEOLOGY
942 _2ddc
_cBK
999 _c15763
_d15763